<?xml version='1.0' encoding='UTF-8'?>
  <record xmlns="http://www.loc.gov/MARC21/slim">
    <leader>00000cam a2200000 i 4500</leader>
    <controlfield tag="001">ocn782112571</controlfield>
    <controlfield tag="003">OCoLC</controlfield>
    <controlfield tag="005">20250520060619.2</controlfield>
    <controlfield tag="008">920410s1882    ne            000 0 dut d</controlfield>
    <datafield tag="040" ind1=" " ind2=" ">
      <subfield code="a">NLGGC</subfield>
      <subfield code="b">dut</subfield>
      <subfield code="e">fobidrtb</subfield>
      <subfield code="c">NLGGC</subfield>
      <subfield code="d">OCLCO</subfield>
      <subfield code="d">OCLCQ</subfield>
      <subfield code="d">OCLCL</subfield>
      <subfield code="d">OCLCQ</subfield>
      <subfield code="d">OCLCL</subfield>
    </datafield>
    <datafield tag="029" ind1="0" ind2=" ">
      <subfield code="a">NLGGC</subfield>
      <subfield code="b">091904692</subfield>
    </datafield>
    <datafield tag="035" ind1=" " ind2=" ">
      <subfield code="a">(OCoLC)782112571</subfield>
    </datafield>
    <datafield tag="082" ind1="0" ind2="4">
      <subfield code="a">839.3113</subfield>
      <subfield code="q">OCoLC</subfield>
      <subfield code="1">https://id.oclc.org/worldcat/ddc/E3CVjHHCqvBp76PtC8PP69gyKY</subfield>
    </datafield>
    <datafield tag="100" ind1="1" ind2=" ">
      <subfield code="a">Winkel, J. te</subfield>
      <subfield code="q">(Jan),</subfield>
      <subfield code="d">1847-1927.</subfield>
      <subfield code="1">https://id.oclc.org/worldcat/entity/E39PBJkXC8kHk8cVMjPFh8TPwC</subfield>
    </datafield>
    <datafield tag="245" ind1="1" ind2="0">
      <subfield code="a">Bladzijden uit de geschiedenis der Nederlandsche letterkunde /</subfield>
      <subfield code="c">door Jan te Winkel.</subfield>
    </datafield>
    <datafield tag="246" ind1="3" ind2=" ">
      <subfield code="a">Mr. Joan Blasius als vertegenwoordiger van de romantische richting onzer letterkunde in de zeventiende eeuw</subfield>
    </datafield>
    <datafield tag="246" ind1="3" ind2=" ">
      <subfield code="a">Vondel als treurspeldichter</subfield>
    </datafield>
    <datafield tag="260" ind1=" " ind2=" ">
      <subfield code="a">Haarlem :</subfield>
      <subfield code="b">Bohn,</subfield>
      <subfield code="c">1882.</subfield>
    </datafield>
    <datafield tag="300" ind1=" " ind2=" ">
      <subfield code="a">343 p. ;</subfield>
      <subfield code="c">24 cm.</subfield>
    </datafield>
    <datafield tag="336" ind1=" " ind2=" ">
      <subfield code="a">tekst</subfield>
      <subfield code="b">txt</subfield>
      <subfield code="2">rdacontent/dut</subfield>
    </datafield>
    <datafield tag="337" ind1=" " ind2=" ">
      <subfield code="a">zonder medium</subfield>
      <subfield code="b">n</subfield>
      <subfield code="2">rdamedia/dut</subfield>
    </datafield>
    <datafield tag="338" ind1=" " ind2=" ">
      <subfield code="a">band</subfield>
      <subfield code="b">nc</subfield>
      <subfield code="2">rdacarrier/dut</subfield>
    </datafield>
    <datafield tag="505" ind1="8" ind2=" ">
      <subfield code="a">Bevat: Mr. Joan Blasius als vertegenwoordiger van de romantische richting onzer letterkunde in de zeventiende eeuw ; Vondel als treurspeldichter.</subfield>
    </datafield>
    <datafield tag="520" ind1="2" ind2=" ">
      <subfield code="a">Studie over de Nederlandse anatoom, tevens vertegenwoordiger van de romantische richting in de 17e eeuwse letterkunde (ca. 1625-1692) en de Nederlandse dichter (1587-1679)</subfield>
      <subfield code="c">NL-ZmNBD.</subfield>
    </datafield>
    <datafield tag="530" ind1=" " ind2=" ">
      <subfield code="a">Ook beschikbaar in microvorm.</subfield>
    </datafield>
    <datafield tag="600" ind1="1" ind2="7">
      <subfield code="a">Blasius, Joan</subfield>
      <subfield code="q">(Joan Leonardsz),</subfield>
      <subfield code="d">1639-1672.</subfield>
      <subfield code="2">local</subfield>
      <subfield code="0">(NL-LeOCL)069829748</subfield>
    </datafield>
    <datafield tag="600" ind1="1" ind2="7">
      <subfield code="a">Vondel, Joost van den,</subfield>
      <subfield code="d">1587-1679.</subfield>
      <subfield code="2">local</subfield>
      <subfield code="0">(NL-LeOCL)068423667</subfield>
    </datafield>
    <datafield tag="758" ind1=" " ind2=" ">
      <subfield code="a">Bladzijden uit de geschiedenis der nederlandsche letterkunde (Text)</subfield>
      <subfield code="1">https://id.oclc.org/worldcat/entity/E39PCFXGpwcxGwRmtJ4DphBRTd</subfield>
      <subfield code="4">https://id.oclc.org/worldcat/ontology/hasWork</subfield>
    </datafield>
    <datafield tag="776" ind1="0" ind2=" ">
      <subfield code="t">Bladzijden uit de geschiedenis der Nederlandsche letterkunde</subfield>
      <subfield code="w">(NL-LeOCL)358025958</subfield>
    </datafield>
    <datafield tag="776" ind1="0" ind2=" ">
      <subfield code="t">Bladzijden uit de geschiedenis der Nederlandsche letterkunde</subfield>
      <subfield code="w">(NL-LeOCL)425168271</subfield>
    </datafield>
    <datafield tag="936" ind1=" " ind2=" ">
      <subfield code="a">BATCHLOAD</subfield>
    </datafield>
  </record>